000 00352nam a2200133 i 4500
001 bg
100 1 _aŻUCHOWSKA, Danuta
245 0 _aStruktura i własności małocząsteczkowych polibutadienów... /
_cDanuta Żuchowska.
260 _aWrocław,
_c1979.
040 _cBPK
041 _apol
942 _cKS
008 s pl f |000 0 pol
999 _c18781
_d18781
856 _uhttp://koha.tu.koszalin.pl/cgi-bin/koha/opac-detail.pl?biblionumber=18781
_yKatalog online BPK